000 00510nam a2200145 a 4500
008 120416s1962 ||||||||||||||||| || u
050 _aHM 101 Fos
100 _aFoster, George M
245 1 0 _aTraditional cultures
246 _aand the impact of technological change
260 _aNew York
_bHarper & Row
_c1962
300 _axi, 292p.
350 _a0.00
995 _D0.00
_FCBU-MAIN LIBRARY (Kitwe)
_H1
_I3.95
_UAVAILABLE
_ZMain Library Open Access Collection
999 _c60240
_d60240